Miembros de Mercosur - Estadísticas

Estadísticas generales
  • Esta prueba ha sido intentada 29 veces
  • La puntuación promedio es 13 de 15
Estadísticas de respuestas
Año País % Correcto
1991 Argentina
100%
Brasil
100%
1996 Chile
100%
2004 Colombia
100%
Uruguay
100%
2024 Bolivia
96%
Ecuador
96%
Paraguay
96%
2003 Perú
92%
2024 Panamá
88%
2013 Guyana
85%
Surinam
81%
México
77%
2012-2016 Venezuela(suspendido)
65%
2013 Nueva Zelanda
12%
No se encontraron pruebas coincidentes
Distribución de puntuación
Porcentaje de gente con cada puntuación
Porcentaje por número respondido
Historial de tus puntuaciones
No has intentado esta prueba.